Album de la galería de pinturas del Museo del Prado de Madrid (Record no. 5226)

MARC details
000 -CABECERA
campo de control de longitud fija 00993nam a2200265 a 4500
001 - NÚMERO DE CONTROL
campo de control BRCA_5532
005 - FECHA Y HORA DE LA ÚLTIMA TRANSACCIÓN
campo de control 20190320205123.0
008 - DATOS DE LONGITUD FIJA--INFORMACIÓN GENERAL
campo de control de longitud fija 280311t1922----sp-a######---#000-0#spa-#
041 ## - CÓDIGO DE LENGUA
Código de lengua del texto/banda sonora o título independiente spa
044 ## - CÓDIGO DEL PAÍS DE LA ENTIDAD EDITORA/PRODUCTORA
Código MARC del país sp
050 #4 - SIGNATURA TOPOGRÁFICA DE LA BIBLIOTECA DEL CONGRESO
Número de clasificación N3450
Número de documento/Ítem .B46 1922
100 1# - ENTRADA PRINCIPAL--NOMBRE DE PERSONA
Nombre de persona Beruete y Moret, Aureliano de
Fechas asociadas al nombre 1876-1922
9 (RLIN) 7763
245 10 - MENCIÓN DE TÍTULO
Título Album de la galería de pinturas del Museo del Prado de Madrid
Mención de responsabilidad, etc. introducción histórica y texto explicativo de A. de Beruete y Moret y Augusto L. Mayer ; traducción de Domingo Miral y López.
260 ## - PUBLICACIÓN, DISTRIBUCIÓN, ETC.
Lugar de publicación, distribución, etc. Barcelona, España
Nombre del editor, distribuidor, etc. Labor
Fecha de publicación, distribución, etc. 1922
Nombre del editor, distribuidor, etc. il., 60 láminas
Fecha de publicación, distribución, etc. 32 cm.
500 ## - NOTA GENERAL
Nota general Incluye índice de pintores
500 ## - NOTA GENERAL
Nota general Estado físico: camisa rota
500 ## - NOTA GENERAL
Nota general F6
610 24 - PUNTO DE ACCESO ADICIONAL DE MATERIA--NOMBRE DE ENTIDAD CORPORATIVA
Nombre de entidad corporativa o nombre de jurisdicción como elemento de entrada Museo del Prado (Madrid)
Subdivisión general Colecciones de arte
9 (RLIN) 14121
650 14 - PUNTO DE ACCESO ADICIONAL DE MATERIA--TÉRMINO DE MATERIA
Término de materia o nombre geográfico como elemento de entrada Pinturas
Subdivisión geográfica Madrid
9 (RLIN) 14004
650 14 - PUNTO DE ACCESO ADICIONAL DE MATERIA--TÉRMINO DE MATERIA
Término de materia o nombre geográfico como elemento de entrada Galerías y museos
Subdivisión geográfica España
9 (RLIN) 7331
700 1# - PUNTO DE ACCESO ADICIONAL--NOMBRE DE PERSONA
Nombre de persona Mayer, Augusto L.
Término indicativo de función/relación Coautor
9 (RLIN) 14122
700 1# - PUNTO DE ACCESO ADICIONAL--NOMBRE DE PERSONA
Nombre de persona Miral y López, Domingo
Término indicativo de función/relación Traductor
9 (RLIN) 14123
902 ## - CATALOGADOR
Iniciales GFM
942 ## - ELEMENTOS DE PUNTO DE ACCESO ADICIONAL (KOHA)
Fuente del sistema de clasificación o colocación Library of Congress Classification
Tipo de ítem Koha Libros
Holdings
Estado de retiro Estado de pérdida Estado dañado No para préstamo Localización permanente Ubicación/localización actual Fecha de adquisición Número de inventario Total de préstamos Signatura topográfica completa Código de barras Fecha visto por última vez Precio válido a partir de Tipo de ítem Koha
El ejemplar forma parte de la colección y puede ser consultado según las políticas vigentes.       Biblioteca del Museo Franz Mayer (Rogerio Casas-Alatriste) Biblioteca del Museo Franz Mayer (Rogerio Casas-Alatriste) 08/02/2011 F6   N3450 .B46 1922 (F6) 5968 22/03/2019 22/03/2019 Libros